Réalisation de -s et -ed - Statistiques

Statistiques générales
  • Ce quiz a été pris 5 fois
  • Le résultat moyen est 6 sur 7
Statistiques - réponses
Si... alors la réalisation est... % Correct
consonne voisée (/b/ /g/ /v/) /d/ (le suffixe devient voisé également)
100%
consonne non voisée (/k/ /s/) /s/ (le suffixe devient non-voisé également)
100%
consonne non voisée (/k/ /s/) /t/ (le suffixe devient non-voisé également)
100%
adjectifs (wicked, naked) /Id/ (la seule exception, toujours !!!)
80%
consonne /t/ ou /d/ /Id/ (voyelle épenthétique)
80%
consonne voisée (/b/ /g/ /v/) et toutes les voyelles /z/ (le suffixe devient voisé également)
80%
son sibilant /s/ /dz/ /z/ /Iz/ (pareil, voyelle épenthétique)
20%
Aucun quiz correspondant
Distribution des résultats
% des personnes avec chaque résultat
Percentile par nombre de réponses
Votre historique - résultats
Vous n’avez pas pris ce quiz